[Event "Superbet Varsavia Rapid 2026"]
[Site "Varsavia"]
[Date "06.05.2026"]
[Round "4R"]
[White "Caruana, Fabiano"]
[Black "Firouzja, Alireza"]
[Result "1/2-1/2"]
[WhiteElo "2788"]
[BlackElo "2759"]
[EventDate "2026.05.05"]

1. e4 c5 2. Nf3 e6 3. d4 cxd4 4. Nxd4 a6 5. Be2 Nf6 6. Nc3 Qc7 7. f4 Bb4 8.
e5 Ne4 9. O-O Nxc3 10. bxc3 Bxc3 11. Rb1 b5 12. Bf3 Bb7 13. Ne2 Ba5 14. Ng3
Bxf3 15. Qxf3 Qc6 16. Ne4 O-O 17. Rb3 Kh8 18. f5 exf5 19. Qxf5 Qg6 20. Qxg6
hxg6 21. Nf6 gxf6 22. exf6 Bb6+ 23. Kh1 Bd8 24. Bh6 Bxf6 25. Bxf8 Nc6 26.
Bc5 Bd4 27. Bxd4+ Nxd4 28. Rd3 Nf5 29. Rxd7 Kg7 30. g4 Nh6 31. h3 Rc8 32.
Rf2 Rc3 33. Rd3 Rc6 34. Kg2 Ng8 35. Rdf3 Nh6 36. Rd3 Ng8 37. Re3 Nf6 38.
Ref3 g5 39. Rf5 Kg6 40. Re2 Nh5 41. Rd2 Nf4+ 42. Kh2 Rc3 43. Rd6+ Ne6 44.
Rxa6 Rxc2+ 45. Kg3 b4 46. Ra7 f6 47. Ra6 Kf7 48. Rf2 Rc1 49. h4 Rc3+ 50.
Kh2 gxh4 51. g5 Nxg5 52. Raxf6+ Ke7 53. Rb6 Rh3+ 54. Kg2 Rg3+ 55. Kf1 h3
56. Rh6 b3 57. axb3 Rxb3 58. Ra2 Rd3 59. Ra5 Nf7 60. Rh7 Rd7 61. Rxh3 Kf6
62. Ra6+ Kg7 63. Rg3+ Kf8 64. Kf2 Ke7 65. Re3+ Kf8 66. Kg3 Rd6 67. Ra7 Kg7
68. Kf2 Rf6+ 69. Ke1 Rd6 70. Ke2 Rf6 71. Kd3 Rd6+ 72. Kc4 Rc6+ 73. Kd5 Rd6+
74. Kc5 Rf6 75. Re1 Rg6 76. Ra2 Rf6 77. Rg1+ Rg6 78. Rf1 Re6 79. Raf2 Ng5
80. Rg2 Kg6 81. Rf8 Re5+ 82. Kd4 Rf5 83. Rg8+ Kf6 84. Rf8+ Kg6 85. Ra8 Kf6
86. Ra6+ Ne6+ 87. Kc3 Rc5+ 88. Kb4 Re5 89. Rf2+ Rf5 90. Rh2 Re5 91. Rh6+
Kf5 92. Ra1 Re4+ 93. Kb5 Nd4+ 94. Kb6 Re6+ 95. Rxe6 Nxe6 96. Re1 Kf6 97. Rxe6 1/2-1/2

[Event "Superbet Varsavia Rapid 2026"]
[Site "Varsavia"]
[Date "06.05.2026"]
[Round "6R"]
[White "Caruana, Fabiano"]
[Black "Duda, Jan-Krzysztof"]
[Result "1/2-1/2"]
[WhiteElo "2788"]
[BlackElo "2739"]
[EventDate "2026.05.05"]

1. Nf3 d5 2. c4 dxc4 3. e4 b5 4. a4 Bb7 5. axb5 Bxe4 6. Bxc4 e6 7. O-O Be7
8. Nc3 Bb7 9. d4 Nf6 10. Ne5 O-O 11. Re1 c5 12. dxc5 Bxc5 13. Qxd8 Rxd8 14.
Bf4 Rc8 15. Rad1 a6 16. Bb3 axb5 17. Nxf7 Kxf7 18. Bxe6+ Kg6 19. Re5 Nfd7
20. Ree1 b4 21. Nd5 Rf8 22. Bg3 Nf6 23. Nc7 Ra5 24. Bb3 Ba7 25. Ne6 Re8 26.
Bc2+ Kh6 27. Bf4+ g5 28. Nxg5 Rxe1+ 29. Rxe1 Kg7 30. Re7+ Kg8 31. h3 Nbd7
32. Nxh7 Bd5 33. Bf5 Bc5 34. Re1 Bd4 35. Nxf6+ Nxf6 36. Be5 Bxe5 37. Rxe5
Ra1+ 38. Kh2 Rd1 39. g4 Kf8 40. Kg3 b3 41. Kh4 Bf7 42. Kg5 Nd5 43. Re2 Ne7
44. Be4 Bc4 45. Re3 Rd2 46. Rc3 Bf7 47. f3 Rxb2 48. Rc5 Rd2 49. Rb5 b2 50.
h4 Bd5 51. h5 Bxe4 52. fxe4 Kf7 53. h6 Rh2 54. Rb7 Ke6 55. h7 Rxh7 56. Rxb2
Ke5 57. Rb5+ Kxe4 58. Rb4+ Ke5 59. Rb5+ Nd5 60. Ra5 Rh8 61. Kg6 Rg8+ 62.
Kh5 Kf6 63. Ra6+ Kf7 64. Ra7+ Ne7 65. g5 Rh8+ 66. Kg4 Rh1 67. Rb7 Ke6 68.
Rb6+ Ke5 69. Rb5+ Nd5 70. Ra5 Rh2 71. Kg3 Rh8 72. Kg4 Rh1 73. Rc5 Kd4 74.
Ra5 Ne3+ 75. Kf3 Rf1+ 76. Kg3 Ke4 77. Ra4+ Kf5 78. Ra5+ Kg6 79. Rb5 Rd1 80.
Ra5 Rd4 81. Kf3 Nd5 82. Ra8 Kxg5 83. Rf8 Rd1 84. Ke2 Ra1 85. Kd3 Nf4+ 86.
Kd2 Ra3 87. Kc2 Ne6 88. Rf7 Kg6 89. Rb7 Rh3 90. Kd2 Kf5 91. Rb8 Ke4 92. Re8
Kd5 93. Kd1 Rh2 94. Ke1 Nd4 95. Re7 Kc4 96. Rc7+ Kd3 97. Rd7 Ke3 98. Re7+
Kf4 99. Re8 Ra2 100. Kd1 Kf3 101. Rf8+ Ke3 102. Re8+ Kd3 103. Ke1 Rh2 104.
Rd8 Rh6 105. Rd7 Rf6 106. Rd8 Rf7 107. Rd6 Ke3 108. Rd8 Re7 109. Kd1 Rb7
110. Re8+ Kd3 111. Ke1 Rb2 112. Rd8 Ra2 113. Rd7 Ke4 114. Re7+ Kf4 115.
Rf7+ Nf5 116. Rf8 Rh2 117. Kd1 Ke4 118. Re8+ Kd5 119. Rd8+ Nd6 120. Ke1 Ke5
121. Kd1 Nb5 122. Re8+ Kd4 123. Rd8+ Kc3 124. Ke1 Nd4 125. Rc8+ Kd3 126.
Rd8 Ra2 127. Rd7 Ra8 128. Kf2 1/2-1/2

[Event "Superbet Varsavia Rapid 2026"]
[Site "Varsavia"]
[Date "07.05.2026"]
[Round "7R"]
[White "Niemann, Hans Moke"]
[Black "So, Wesley"]
[Result "1/2-1/2"]
[WhiteElo "2728"]
[BlackElo "2754"]
[EventDate "2026.05.05"]

1. e4 e5 2. Nf3 Nc6 3. Bc4 Nf6 4. d3 Be7 5. Nc3 O-O 6. O-O d6 7. a4 a5 8.
h3 Be6 9. Nd5 Bxd5 10. exd5 Nb4 11. d4 e4 12. Nd2 c6 13. dxc6 bxc6 14. c3
d5 15. Be2 Na6 16. f3 exf3 17. Nxf3 Ne4 18. Bd3 Bd6 19. Be3 f5 20. Ne5 Bxe5
21. dxe5 Qe7 22. Bxe4 fxe4 23. Rxf8+ Rxf8 24. Qd4 Rb8 25. Rf1 h6 26. e6
Qxe6 27. Qa7 c5 28. Bxc5 Rxb2 29. Bd4 Qg6 30. Rf2 Rb1+ 31. Kh2 Qd6+ 32. g3
Nc7 33. h4 Qc6 34. Qxa5 Ne6 35. Qa7 Rb7 36. Qa8+ Kh7 37. a5 Nxd4 38. cxd4
e3 39. Rg2 Qd7 40. Qa6 Rb3 41. Qe2 Ra3 42. Qc2+ Kh8 43. Qc5 Ra4 44. Qc3 Qd8
45. Qxe3 Rxa5 46. Rf2 Qa8 47. Kh3 Qc8+ 48. Kh2 Qa8 49. Kh3 Qc8+ 50. Kg2 Qa8
51. Qf3 Ra4 52. Qe3 Ra2 53. Rxa2 Qxa2+ 54. Kf3 Qb1 55. Kf4 Qg6 56. Qe5 Qf7+
57. Qf5 Qc7+ 58. Kg4 Qc4 59. Qe5 Qc8+ 60. Qf5 Qc4 61. Qf8+ Kh7 62. Qf5+ Kh8
63. Qe5 Qc8+ 64. Kf4 Qf8+ 65. Qf5 Qd6+ 66. Kg4 Kg8 67. h5 Qc6 68. Qe5 Qc8+
69. Kf4 Qf8+ 70. Qf5 Qd6+ 71. Kg4 Qc6 72. Qe5 Qc8+ 73. Kh4 Qd8+ 74. Kh3
Qd7+ 75. g4 Qc6 76. Kh4 Qf6+ 77. Qxf6 gxf6 78. Kg3 Kf7 79. Kf3 Ke7 80. Ke3
Kf7 81. Kf3 Ke7 82. Ke3 Kf7 83. Kf3 Ke7 84. Ke3 Kf7 1/2-1/2

[Event "Superbet Varsavia Rapid 2026"]
[Site "Varsavia"]
[Date "07.05.2026"]
[Round "7R"]
[White "Gukesh, Dommaraju"]
[Black "Vachier Lagrave, Maxime"]
[Result "0-1"]
[WhiteElo "2732"]
[BlackElo "2717"]
[EventDate "2026.05.05"]

1. d4 Nf6 2. Nf3 g6 3. Bf4 Bg7 4. h3 c5 5. e3 d6 6. c3 Qb6 7. Qc1 Bf5 8.
Nbd2 O-O 9. Be2 Nc6 10. O-O cxd4 11. exd4 Rac8 12. Nc4 Qc7 13. Ne3 Bd7 14.
Qd1 Rfe8 15. Bh2 Bh6 16. Re1 Bxe3 17. fxe3 Qb6 18. Nd2 Nd8 19. Qb3 Qa5 20.
Rf1 Bc6 21. Bf3 Bxf3 22. Rxf3 d5 23. a4 Qb6 24. Qc2 Ne6 25. Raf1 Ng5 26.
R3f2 Rf8 27. Bf4 Nge4 28. Nxe4 Nxe4 29. Bh6 Nxf2 30. Qxf2 f5 31. Bxf8 Rxf8
32. Qf4 Qxb2 33. Qe5 Qxc3 34. Qxd5+ Rf7 35. Qe5 Qa3 36. Rb1 b6 37. Rb5 Qd6
38. a5 Qxe5 39. Rxe5 Kf8 40. axb6 axb6 41. Kf2 Rf6 42. Ke2 Rc6 43. Kd2 Kf7
44. Rb5 Kf6 45. e4 fxe4 46. Ke3 Rc2 47. Rxb6+ Kf7 48. g4 Rc3+ 49. Kxe4 Rxh3
50. d5 Rg3 51. Kf4 Rd3 52. Ke4 Rd1 53. Ra6 Kg7 54. g5 Rg1 55. Kf4 Rf1+ 56.
Kg4 Rd1 57. Re6 Kf7 58. Re5 Ke8 59. Kf4 Kd7 60. Kg4 Rg1+ 61. Kf4 Rf1+ 62.
Kg4 Rf7 63. Re3 Kd6 64. Rd3 Ke5 65. Kh3 Rf4 66. Kg3 Rd4 67. Rf3 Rxd5 68.
Rf7 Ke6 69. Rxh7 Rxg5+ 70. Kf4 Rh5 71. Rg7 Kf6 72. Rg8 Rh4+ 73. Kg3 Ra4 74.
Rb8 Kf5 75. Rf8+ Kg5 76. Rf7 Ra3+ 77. Kf2 e5 78. Re7 Kf6 79. Re8 g5 80.
Rf8+ Ke6 81. Re8+ Kf5 82. Rf8+ Kg4 83. Re8 Ra2+ 84. Kf1 Kf4 85. Rf8+ Kg3
86. Rf5 Ra1+ 87. Ke2 g4 0-1

[Event "Superbet Varsavia Rapid 2026"]
[Site "Varsavia"]
[Date "07.05.2026"]
[Round "7R"]
[White "Duda, Jan-Krzysztof"]
[Black "Firouzja, Alireza"]
[Result "1-0"]
[WhiteElo "2739"]
[BlackElo "2759"]
[EventDate "2026.05.05"]

1. e4 c5 2. Nf3 d6 3. d4 cxd4 4. Nxd4 Nf6 5. Nc3 a6 6. g3 e6 7. Bg2 Be7 8.
Be3 Qc7 9. O-O Nc6 10. Nxc6 bxc6 11. Na4 Bb7 12. c4 c5 13. Nc3 Nd7 14. Rc1
h5 15. h3 g5 16. Qe2 Ne5 17. Rfd1 g4 18. h4 Bf6 19. a3 Bg7 20. Bf4 Bh6 21.
Bxh6 Rxh6 22. b4 Rh8 23. Qe3 Qe7 24. bxc5 dxc5 25. Rb1 Rc8 26. Nd5 exd5 27.
exd5 Ba8 28. Re1 f6 29. Rb6 Kf7 30. Re6 Qd8 31. Qe4 Kg7 32. Qf5 Nf7 33. Be4
Rh6 34. Bc2 Bb7 35. Ba4 Qa5 36. Bd7 Rf8 37. Re7 Kh8 38. Qf4 Rh7 39. Qxf6+
Kg8 40. Re8 1-0

[Event "Superbet Varsavia Rapid 2026"]
[Site "Varsavia"]
[Date "07.05.2026"]
[Round "7R"]
[White "Sindarov, Javokhir"]
[Black "Fedoseev, Vladimir"]
[Result "1-0"]
[WhiteElo "2776"]
[BlackElo "2700"]
[EventDate "2026.05.05"]

1. e4 e5 2. Nf3 Nc6 3. Bc4 Bc5 4. c3 Nf6 5. d3 d6 6. b4 Bb6 7. a4 a6 8. Bg5
h6 9. Bh4 g5 10. Bg3 Nh5 11. Nxe5 Nxg3 12. Bxf7+ Kf8 13. Ng6+ Kxf7 14.
Nxh8+ Kg7 15. hxg3 Qf6 16. Qf3 Qxf3 17. gxf3 Ne5 18. Ke2 Be6 19. Nd2 Rxh8
20. f4 Nf7 21. a5 Ba7 22. d4 Re8 23. Kd3 Bd7 24. f3 c5 25. bxc5 dxc5 26.
Rab1 Nd6 27. d5 c4+ 28. Nxc4 Bb5 29. Rxb5 Nxb5 30. e5 Bf2 31. Ne3 Bxe3 32.
Kxe3 Nxc3 33. d6 Kg6 34. Rc1 Nb5 35. d7 Rd8 36. e6 Nd6 37. Kd4 Kf6 38. Kd5
Ke7 39. fxg5 Rf8 40. g4 h5 41. g6 h4 42. g7 Rg8 43. g5 h3 44. d8=Q+ 1-0

[Event "Superbet Varsavia Rapid 2026"]
[Site "Varsavia"]
[Date "07.05.2026"]
[Round "7R"]
[White "Wojtaszek, Radoslav"]
[Black "Caruana, Fabiano"]
[Result "0-1"]
[WhiteElo "2650"]
[BlackElo "2788"]
[EventDate "2026.05.05"]

1. d4 d5 2. c4 c6 3. Nf3 Nf6 4. Nc3 dxc4 5. a4 Bf5 6. Ne5 Qc7 7. Nxc4 Na6
8. f3 Rd8 9. e4 Be6 10. Be3 Bxc4 11. Bxc4 e5 12. d5 Bc5 13. Bxc5 Nxc5 14.
O-O Ne6 15. Rf2 O-O 16. Rc1 Qb6 17. Qe1 Nc5 18. dxc6 bxc6 19. Kh1 Rd4 20.
Bf1 Rfd8 21. Rfc2 Nb3 22. Rd1 g6 23. Rxd4 Qxd4 24. Qf2 Nd7 25. Qxd4 Nxd4
26. Rd2 a5 27. f4 f6 28. fxe5 fxe5 29. Bc4+ Kg7 30. Rf2 Nf6 31. Kg1 Rd7 32.
h3 Rb7 33. g3 g5 34. Kg2 h5 35. Ba2 h4 36. gxh4 gxh4 37. Kh2 Nh5 38. Nd1
Nf4 39. Ne3 Nd3 40. Rg2+ Kf6 41. Ng4+ Ke7 42. Nxe5 Nc5 43. Rg7+ Kf6 44.
Rxb7 Nxb7 45. Nd3 Nf3+ 46. Kg2 Ne5 47. Bb1 Nxd3 48. Bxd3 Nc5 49. Bc2 Ne6
50. Bb3 Ng5 51. Bc2 c5 52. Bd3 Ke5 53. Bc2 Kf4 54. Bd3 Nxe4 55. Bc4 Ke3 56.
Bb5 Nf2 57. Bd7 Nd3 58. b3 Nf4+ 59. Kg1 Kf3 60. Kh2 Kf2 61. Bc8 Nd3 62. Bd7
Ne5 63. Bc8 Nf3+ 64. Kh1 Nd4 0-1

[Event "Superbet Varsavia Rapid 2026"]
[Site "Varsavia"]
[Date "07.05.2026"]
[Round "8R"]
[White "Caruana, Fabiano"]
[Black "Sindarov, Javokhir"]
[Result "1/2-1/2"]
[WhiteElo "2788"]
[BlackElo "2776"]
[EventDate "2026.05.05"]

1. e4 c5 2. Nf3 e6 3. b3 a6 4. Qe2 b5 5. g3 Bb7 6. Bg2 Be7 7. O-O Nc6 8.
Bb2 Nf6 9. e5 Ng4 10. a4 b4 11. d3 O-O 12. Nbd2 Nh6 13. Nc4 Qc7 14. Rad1
Nf5 15. g4 Nfd4 16. Nxd4 cxd4 17. f4 f5 18. gxf5 Rxf5 19. Be4 Raf8 20. Qg4
Bc5 21. Bxf5 Rxf5 22. h3 Ne7 23. Kh2 g6 24. Bc1 Rh5 25. Bd2 Nf5 26. Rde1
Rh4 27. Qg5 Bd5 28. Re2 Rh5 29. Qg4 Qd8 30. Be1 Qf8 31. Bf2 Be7 32. Re4 Bh4
33. Bxh4 Rxh4 34. Qg5 Rh5 35. Qf6 Qc8 36. Rg1 Qc6 37. Qd8+ Kg7 38. Qf6+ Kg8
39. Qd8+ Kg7 40. Qf6+ 1/2-1/2

[Event "Superbet Varsavia Rapid 2026"]
[Site "Varsavia"]
[Date "07.05.2026"]
[Round "8R"]
[White "Firouzja, Alireza"]
[Black "Wojtaszek, Radoslav"]
[Result "1/2-1/2"]
[WhiteElo "2759"]
[BlackElo "2650"]
[EventDate "2026.05.05"]

1. Nf3 d5 2. b3 Bf5 3. Bb2 e6 4. g3 h6 5. Bg2 Nf6 6. O-O Be7 7. d3 O-O 8.
Nbd2 Bh7 9. Re1 a5 10. a4 Nc6 11. e4 dxe4 12. dxe4 Nb4 13. Ne5 Re8 14. Qc1
Nd7 15. Ndc4 Nxe5 16. Bxe5 f6 17. Rd1 Qc8 18. Bf4 e5 19. Be3 b6 20. Rd2 Qe6
21. Na3 Rad8 22. Nb5 Qc6 23. c3 Rxd2 24. Qxd2 Rd8 25. Qe2 Na6 26. f3 Kf8
27. Rd1 Rxd1+ 28. Qxd1 Bg8 29. Bh3 Nc5 30. c4 Bd6 31. Kg2 Ke7 32. Bf5 Qa8
33. Bxc5 bxc5 34. Nxc7 Qd8 35. Nd5+ Kf7 36. h4 g6 37. Bh3 h5 38. Nc3 Kg7
39. Nb5 Be7 40. Qxd8 Bxd8 41. Bd7 Kf8 42. g4 Bf7 43. gxh5 gxh5 44. Kg3 Ke7
45. Bf5 Be8 46. Nc3 Kf7 47. Kf2 Kg7 48. Nd5 Kf7 49. Ne3 Ke7 50. Ke2 Kf7 51.
Bc8 Bc6 52. Kf2 Be8 53. Nf5 Bc7 54. Ng3 Ke7 55. Bf5 Bf7 56. Ne2 Bd8 57. Nc3
Be8 58. Ke3 Kf8 59. Nd5 Bf7 60. Kf2 Be8 61. Kg3 Bf7 62. f4 Kg7 63. Bd7
exf4+ 64. Kxf4 Bg6 65. Kf3 Bf7 66. Bf5 Kh6 67. Bh3 Kg7 68. Bd7 Kh6 69. Bf5
Kg7 70. Nf4 Bc7 71. Be6 Be8 72. Nd5 Be5 73. Ne3 Bg6 74. Bf5 Be8 75. Ng2 Bd6
76. Nf4 Bf7 77. Nd3 Be8 78. Ke3 Bf7 79. e5 fxe5 80. Kf3 Be8 81. Nf2 Bc6+
82. Ne4 Be7 83. Kg3 Be8 84. Bh3 Bg6 85. Bg2 Bf5 86. Bf3 Kh6 87. Bg2 Bg4 88.
Nf2 Bf5 89. Ne4 Bg4 90. Nf2 Bf5 91. Ne4 Bg4 92. Nf2 Bf5 1/2-1/2

[Event "Superbet Varsavia Rapid 2026"]
[Site "Varsavia"]
[Date "07.05.2026"]
[Round "8R"]
[White "Fedoseev, Vladimir"]
[Black "Gukesh, Dommaraju"]
[Result "1/2-1/2"]
[WhiteElo "2700"]
[BlackElo "2732"]
[EventDate "2026.05.05"]

1. e4 e5 2. Nf3 Nc6 3. Bb5 a6 4. Ba4 Nf6 5. O-O Be7 6. d3 b5 7. Bb3 d6 8.
a4 Bd7 9. Qe1 O-O 10. Be3 h6 11. Nc3 Na5 12. Ba2 b4 13. Nd5 Nxd5 14. Bxd5
c6 15. Ba2 c5 16. Nd2 Be6 17. f4 exf4 18. Bxf4 Nc6 19. Bxe6 fxe6 20. c3 Bg5
21. Bg3 Rxf1+ 22. Nxf1 Rb8 23. Ne3 bxc3 24. bxc3 Rb3 25. Nc4 Bf6 26. Rc1 d5
27. exd5 Qxd5 28. Ne3 Qxd3 29. Ng4 Bxc3 30. Qxe6+ Kh7 31. h3 Bd4+ 32. Bf2
h5 33. Qf7 hxg4 34. Qh5+ Kg8 35. Qe8+ Kh7 36. Qh5+ Kg8 1/2-1/2

[Event "Superbet Varsavia Rapid 2026"]
[Site "Varsavia"]
[Date "07.05.2026"]
[Round "8R"]
[White "So, Wesley"]
[Black "Vachier Lagrave, Maxime"]
[Result "1/2-1/2"]
[WhiteElo "2754"]
[BlackElo "2717"]
[EventDate "2026.05.05"]

1. e4 c5 2. Nf3 d6 3. d4 cxd4 4. Nxd4 Nf6 5. f3 e6 6. c4 Nc6 7. Nc3 Be7 8.
Be3 O-O 9. Be2 d5 10. exd5 exd5 11. Nxc6 bxc6 12. cxd5 Nxd5 13. Nxd5 cxd5
14. O-O Bf6 15. Bd4 Be6 16. b4 Rc8 17. Kh1 Bf5 18. a4 Rc2 19. Bd3 Bxd3 20.
Qxd3 Rc4 21. Bxf6 Qxf6 22. b5 Qd6 23. Rfd1 Rfc8 24. Qxd5 Qxd5 25. Rxd5 Rxa4
26. Rdd1 Rxa1 27. Rxa1 g6 28. h4 Rc5 29. Rxa7 Rxb5 30. Kh2 h5 31. Ra8+ Kg7
32. Ra7 Kg8 33. Ra8+ Kg7 34. Ra7 Kg8 1/2-1/2

[Event "Superbet Varsavia Rapid 2026"]
[Site "Varsavia"]
[Date "07.05.2026"]
[Round "8R"]
[White "Niemann, Hans Moke"]
[Black "Duda, Jan-Krzysztof"]
[Result "1-0"]
[WhiteElo "2728"]
[BlackElo "2739"]
[EventDate "2026.05.05"]

1. e4 e5 2. Nf3 Nf6 3. Nxe5 Nxe4 4. Qe2 Qe7 5. Qxe4 d6 6. d4 dxe5 7. dxe5
Nc6 8. Nc3 Qxe5 9. Qxe5+ Nxe5 10. Nb5 Bb4+ 11. Bd2 Bxd2+ 12. Kxd2 Kd8 13.
Re1 Nd7 14. Bc4 Nb6 15. Bb3 Bd7 16. Nc3 a5 17. Kc1 Rf8 18. a4 c6 19. h4 Kc7
20. h5 h6 21. Re3 Rae8 22. Rg3 g5 23. hxg6 fxg6 24. f3 Bf5 25. Rxh6 Re1+
26. Kd2 Re7 27. Rh1 Rd8+ 28. Kc1 Nd7 29. Bc4 Ne5 30. Be2 Rd4 31. Rd1 Red7
32. Rxd4 Rxd4 33. b3 Kd6 34. Nd1 Ke6 35. Ne3 Rh4 36. Kd2 Rd4+ 37. Ke1 Rb4
38. Nxf5 Kxf5 39. Rh3 b5 40. axb5 cxb5 41. Rh8 a4 42. bxa4 bxa4 43. Rf8+
Ke6 44. Ra8 g5 45. Kd2 Rh4 46. Ra6+ Ke7 47. Ra5 Kf6 48. g4 Rh3 49. Rxa4
Nxf3+ 50. Bxf3 Rxf3 51. Re4 Rg3 52. c3 Rf3 53. Kc2 Kg6 54. c4 Kf6 55. c5
Ra3 56. c6 Ra7 57. Kb3 Rc7 58. Rc4 Ke7 59. Kb4 Rc8 60. Kc5 Kd8 61. Rd4+ Kc7
62. Rd7+ Kb8 63. Kb6 1-0

[Event "Superbet Varsavia Rapid 2026"]
[Site "Varsavia"]
[Date "07.05.2026"]
[Round "9R"]
[White "Vachier Lagrave, Maxime"]
[Black "Fedoseev, Vladimir"]
[Result "0-1"]
[WhiteElo "2717"]
[BlackElo "2700"]
[EventDate "2026.05.05"]

1. e4 e5 2. Nf3 Nc6 3. Bb5 a6 4. Ba4 Nf6 5. O-O Be7 6. Re1 b5 7. Bb3 Bb7 8.
d4 Nxd4 9. Bxf7+ Kf8 10. Bd5 c6 11. Bb3 Nxb3 12. axb3 d6 13. c4 Kg8 14.
Nbd2 h6 15. b4 Kh7 16. b3 Rf8 17. Nf1 a5 18. bxa5 bxc4 19. Bd2 cxb3 20.
Qxb3 Qd7 21. Ng3 Ba6 22. Rab1 Bd8 23. Red1 Bc7 24. Bb4 Rfe8 25. Qc2 Bb5 26.
Ra1 Ra6 27. Nf5 c5 28. Bc3 Bc6 29. Nd2 Rea8 30. f3 Bxa5 31. Bxa5 Rxa5 32.
Rxa5 Rxa5 33. Nc4 Ba4 34. Qc3 Bxd1 35. Qxa5 Bb3 36. Ncxd6 g6 37. Qxc5 gxf5
38. Qxe5 Qa7+ 39. Kh1 Nd7 40. Qxf5+ Kg7 41. h4 Nf6 42. e5 Ng8 43. Qf4 Be6
44. Kh2 Kh8 45. h5 Qe7 46. Ne4 Qb4 47. Qd2 Qf8 48. Qe3 Qf5 49. Ng3 Qf7 50.
Kg1 Kg7 51. Qb6 Kh8 52. Kf2 Qe7 53. Qd6 Qa7+ 54. Ke2 Bc4+ 55. Kd2 Qf2+ 56.
Kc3 Qxg3 57. Kxc4 Qxg2 58. Qd5 Qg5 59. e6 Qxd5+ 60. Kxd5 Kg7 61. Ke5 Nf6
62. e7 Kf7 63. Kf5 Ne8 0-1

[Event "Superbet Varsavia Rapid 2026"]
[Site "Varsavia"]
[Date "07.05.2026"]
[Round "9R"]
[White "Wojtaszek, Radoslav"]
[Black "Niemann, Hans Moke"]
[Result "1/2-1/2"]
[WhiteElo "2650"]
[BlackElo "2728"]
[EventDate "2026.05.05"]

1. d4 Nf6 2. c4 e6 3. Nf3 d5 4. Nc3 Bb4 5. Bg5 h6 6. Bxf6 Qxf6 7. e3 O-O 8.
Rc1 dxc4 9. Bxc4 c5 10. O-O cxd4 11. Ne4 Qe7 12. a3 Ba5 13. Qxd4 Rd8 14.
Qc5 Qxc5 15. Nxc5 Nd7 16. Nb3 Bb6 17. Rc2 Nf6 18. Ne5 Bd7 19. Nxd7 Rxd7 20.
Rfc1 Rc8 21. Kf1 Kf8 22. Ke2 Ke7 23. Bb5 Rxc2+ 24. Rxc2 Rc7 25. Rc1 Ne4 26.
Bd3 Nc5 27. Nxc5 Rxc5 28. Rxc5 Bxc5 29. a4 a5 30. Bc4 Bb4 31. Bb5 Bc5 32.
Bc4 Bb4 33. Bb5 Bc5 1/2-1/2

[Event "Superbet Varsavia Rapid 2026"]
[Site "Varsavia"]
[Date "07.05.2026"]
[Round "9R"]
[White "Sindarov, Javokhir"]
[Black "Firouzja, Alireza"]
[Result "1/2-1/2"]
[WhiteElo "2776"]
[BlackElo "2759"]
[EventDate "2026.05.05"]

1. Nf3 d5 2. c4 d4 3. b4 f6 4. d3 e5 5. a3 a5 6. b5 Nd7 7. g3 a4 8. e3 Nc5
9. exd4 exd4 10. Ra2 Bf5 11. Nh4 Be6 12. Bg2 Qd7 13. O-O O-O-O 14. Nd2 g5
15. Nhf3 g4 16. Ne1 f5 17. Nc2 Bg7 18. Nb4 Ne7 19. Re1 Ng6 20. Nf1 Rde8 21.
Rae2 Bf7 22. f4 Rxe2 23. Rxe2 Re8 24. Bb2 Rxe2 25. Qxe2 Ne7 26. Ne3 Qe6 27.
Kf1 Bf6 28. Nec2 Qxe2+ 29. Kxe2 Nb3 30. Kd1 Be8 31. Na1 Nc5 32. Nac2 Nb3
33. Na1 Nc5 34. Nac2 Nb3 35. Na1 1/2-1/2

[Event "Superbet Varsavia Rapid 2026"]
[Site "Varsavia"]
[Date "07.05.2026"]
[Round "9R"]
[White "Gukesh, Dommaraju"]
[Black "Caruana, Fabiano"]
[Result "1-0"]
[WhiteElo "2732"]
[BlackElo "2788"]
[EventDate "2026.05.05"]

1. d4 Nf6 2. c4 e6 3. g3 c5 4. d5 exd5 5. cxd5 d6 6. Bg2 g6 7. Nc3 Bg7 8.
Nf3 O-O 9. O-O Re8 10. Bf4 h6 11. Re1 Bf5 12. Nh4 Bc8 13. Nf3 Bf5 14. h3 g5
15. Bd2 Nbd7 16. a4 Ne4 17. a5 b5 18. axb6 Nxb6 19. Qb3 Qd7 20. Nxe4 Bxe4
21. Bc3 Bxd5 22. Qc2 Be4 23. Qc1 Qe7 24. Ra5 Rac8 25. Rd1 d5 26. Bxg7 Kxg7
27. Qa1 Qf6 28. Rxa7 Ra8 29. b3 d4 30. Rxa8 Rxa8 31. Qc1 Rc8 32. Rd2 Qe6
33. Qa1 Nd5 34. b4 Bxf3 35. Bxf3 Nxb4 36. Bg4 f5 37. Bf3 Kg6 38. Qa7 g4 39.
hxg4 fxg4 40. Bb7 Rc7 41. Be4+ Qxe4 42. Qxc7 Qb1+ 43. Kh2 Qf1 44. Qd6+ Kg7
45. Qe7+ Kg8 46. Qe6+ Kf8 47. e3 d3 48. Qf5+ Ke8 49. Qxc5 1-0

[Event "Superbet Varsavia Blitz 2026"]
[Site "Varsavia"]
[Date "08.05.2026"]
[Round "1B"]
[White "Firouzja, Alireza"]
[Black "Niemann, Hans Moke"]
[Result "1-0"]
[WhiteElo "2796"]
[BlackElo "2699"]
[PlyCount "183"]
[EventDate "2026.??.??"]

1. Nf3 Nf6 2. b3 d5 3. Bb2 Bf5 4. d3 h6 5. Nbd2 e6 6. e4 Bh7 7. exd5 Nxd5 8. a3
Nf6 9. g3 Be7 10. Bg2 O-O 11. O-O Nbd7 12. Re1 a5 13. Nc4 c6 14. Qd2 Re8 15. h3
Nd5 16. Nfe5 Nxe5 17. Nxe5 Bf6 18. Rad1 Qc7 19. c4 Ne7 20. d4 Nf5 21. Ng4 Bg5
22. Qc3 Rad8 23. h4 Be7 24. d5 Bf8 25. Be4 f6 26. Qf3 cxd5 27. cxd5 h5 28. Nh2
Nh6 29. dxe6 Rxd1 30. Qxd1 Bxe4 31. Rxe4 Qc6 32. Qe2 f5 33. Re5 Bd6 34. Rxa5
Bc5 35. Qe5 Bf8 36. Qd5 Rxe6 37. Qxc6 bxc6 38. b4 Re1+ 39. Kg2 f4 40. gxf4 Re4
41. Be5 Nf5 42. Nf3 Be7 43. Ra7 Kf8 44. Rc7 Rc4 45. Kh3 g6 46. Rc8+ Kf7 47. Bh8
Rxf4 48. Ne5+ Ke6 49. Nxg6 Rf3+ 50. Kg2 Rxa3 51. Rxc6+ Kd7 52. Ne5+ Kd8 53. Ng6
Nxh4+ 54. Nxh4 Bxh4 55. Rc5 Be7 56. Rd5+ Kc8 57. b5 h4 58. Be5 Rb3 59. Bf4 Bd8
60. Be3 Bc7 61. Rh5 Kb7 62. Kf1 h3 63. Rxh3 Rxb5 64. Rh6 Kc8 65. Rh7 Kd8 66.
Ke2 Bd6 67. Kd3 Ke8 68. Bd4 Ra5 69. Ke4 Bc5 70. Rh5 Bb4 71. Rh8+ Kf7 72. Rh7+
Ke6 73. Rh6+ Kf7 74. f4 Bf8 75. Rh7+ Ke8 76. f5 Ra2 77. f6 Re2+ 78. Kf5 Re1 79.
Ra7 Bd6 80. Bc3 Re2 81. Rb7 Re3 82. Bd4 Re2 83. Bc3 Re3 84. Bd2 Re2 85. f7+ Kd8
86. Ba5+ Kc8 87. Rc7+ Kb8 88. Rd7 Rf2+ 89. Ke6 Ba3 90. Bc7+ Kc8 91. Be5 Rh2 92.
Bxh2 1-0

[Event "Superbet Varsavia Blitz 2026"]
[Site "Varsavia"]
[Date "08.05.2026"]
[Round "1B"]
[White "Wojtaszek, Radoslaw"]
[Black "Gukesh, Dommaraju"]
[Result "1-0"]
[WhiteElo "2558"]
[BlackElo "2646"]
[PlyCount "107"]
[EventDate "2026.??.??"]

1. d4 c5 2. d5 d6 3. e4 g6 4. Nc3 Bg7 5. Nf3 Nf6 6. Bb5+ Nbd7 7. a4 O-O 8. O-O
a6 9. Be2 b6 10. Bg5 Bb7 11. Qd2 Re8 12. Rfe1 Qc7 13. Rad1 Ng4 14. h3 Nge5 15.
Nxe5 Bxe5 16. Bc4 Bg7 17. Bh6 Bh8 18. f4 b5 19. axb5 Nb6 20. Bf1 axb5 21. Bxb5
Reb8 22. Ra1 Bc8 23. Qe2 Bd4+ 24. Kh2 Bd7 25. Bxd7 Qxd7 26. Qd3 Bh8 27. Rxa8
Nxa8 28. e5 Nc7 29. e6 fxe6 30. dxe6 Qe8 31. b3 Rb4 32. Nd5 Nxd5 33. Qxd5 Bg7
34. c3 Bxc3 35. Rf1 Bg7 36. Bxg7 Kxg7 37. f5 Qf8 38. Rf3 Rd4 39. f6+ exf6 40.
Qb7+ Kg8 41. e7 Qe8 42. Rxf6 Rb4 43. Rf8+ Kg7 44. Rxe8 Rxb7 45. Rg8+ Kxg8 46.
e8=Q+ Kg7 47. Qe6 h5 48. Kg3 Rb4 49. Kf3 Rd4 50. Ke3 h4 51. Qe7+ Kh6 52. Qf6
Kh5 53. Qxd4 cxd4+ 54. Kxd4 1-0

[Event "Superbet Varsavia Blitz 2026"]
[Site "Varsavia"]
[Date "08.05.2026"]
[Round "1B"]
[White "Fedoseev, Vladimir"]
[Black "Vachier-Lagrave, Maxime"]
[Result "0-1"]
[WhiteElo "2756"]
[BlackElo "2761"]
[PlyCount "100"]
[EventDate "2026.??.??"]

1. d4 Nf6 2. Nf3 g6 3. Nbd2 d5 4. e3 Bg7 5. b4 O-O 6. c4 a5 7. b5 c5 8. bxc6
Nxc6 9. Be2 Bf5 10. O-O Nb4 11. a3 Bc2 12. Qe1 Nd3 13. Bxd3 Bxd3 14. Ne5 Bxf1
15. Qxf1 dxc4 16. Ndxc4 b5 17. Nb2 Qd5 18. Nbd3 Rfc8 19. Bd2 Ne4 20. Be1 Nc3
21. Nf4 Qb7 22. Ned3 b4 23. axb4 axb4 24. Nc5 Rxc5 25. Rxa8+ Qxa8 26. dxc5 b3
27. Nd3 Na4 28. Qe2 Qa6 29. Qd1 b2 30. h4 Qb5 31. Nxb2 Nxb2 32. Qd8+ Bf8 33.
Bc3 Na4 34. Qd4 Nxc3 35. Qxc3 Qc6 36. h5 e6 37. hxg6 hxg6 38. Qf6 Qxc5 39. g3
Qd5 40. Qf4 Kg7 41. Qa4 Be7 42. Qa1+ Bf6 43. Qc1 Be5 44. Qc2 Qf3 45. Qd3 Bxg3
46. fxg3 Qxg3+ 47. Kf1 Qf3+ 48. Kg1 Qg3+ 49. Kh1 Qe5 50. Kg2 Qd5+ 0-1

[Event "Superbet Varsavia Blitz 2026"]
[Site "Varsavia"]
[Date "08.05.2026"]
[Round "1B"]
[White "So, Wesley"]
[Black "Caruana, Fabiano"]
[Result "1/2-1/2"]
[WhiteElo "2798"]
[BlackElo "2749"]
[PlyCount "110"]
[EventDate "2026.??.??"]

1. e4 c5 2. Nf3 d6 3. d4 cxd4 4. Nxd4 Nf6 5. Nc3 a6 6. Be2 e5 7. Nb3 Be6 8. f4
Be7 9. Be3 exf4 10. Bxf4 Nc6 11. Qd2 O-O 12. O-O-O Ne5 13. Kb1 Rc8 14. Nd4 b5
15. a3 Re8 16. g4 Bf8 17. g5 Nfd7 18. Nf5 Rc6 19. h4 Qb8 20. Nd5 Nc5 21. Qd4
Qc8 22. Rhf1 Nxe4 23. Nh6+ gxh6 24. Bxe5 Bxd5 25. Qxd5 Rxe5 26. Qxf7+ Kh8 27.
Bg4 Qe8 28. Qxf8+ Qxf8 29. Rxf8+ Kg7 30. Rc8 Rxc8 31. gxh6+ Kxh6 32. Bxc8 a5
33. Bb7 b4 34. Bxe4 Rxe4 35. Rxd6+ Kh5 36. Rd5+ Kxh4 37. Rxa5 h5 38. a4 Kg4 39.
Ra8 h4 40. Rg8+ Kf3 41. Rh8 Kg3 42. Ka2 Re3 43. a5 h3 44. a6 Re6 45. Kb3 Rxa6
46. Kxb4 Rb6+ 47. Kc3 Rc6+ 48. Kb3 Rb6+ 49. Kc3 Rc6+ 50. Kd3 Rd6+ 51. Ke3 Re6+
52. Kd4 Rd6+ 53. Ke3 Re6+ 54. Kd3 Rd6+ 55. Ke3 Re6+ 1/2-1/2